Against the current (Record no. 1455125)

MARC details
000 -LEADER
fixed length control field 00536nam a2200205Ia 4500
005 - DATE AND TIME OF LATEST TRANSACTION
control field 20250923145738.0
008 - FIXED-LENGTH DATA ELEMENTS--GENERAL INFORMATION
fixed length control field 008 250917s9999 xx 000 0 eng d
037 ## - SOURCE OF ACQUISITION
Stock number Textual
040 ## - CATALOGING SOURCE
Original cataloging agency DSWL
Language of cataloging eng
Transcribing agency DSWL
041 ## - LANGUAGE CODE
Language code of text/sound track or separate title eng
Source of code eng
084 ## - COLON CLASSIFICATION NUMBER
Classification number Y31:77.2, N82
Assigning agency DSWL
100 ## - MAIN ENTRY--PERSONAL NAME
Personal name Roy, R.
9 (RLIN) 838523
245 #0 - TITLE STATEMENT
Title Against the current
Statement of responsibility, etc. by R.Roy
260 ## - PUBLICATION, DISTRIBUTION, ETC.
Place of publication, distribution, etc. New Delhi
Name of publisher, distributor, etc. Satvahan
Date of publication, distribution, etc. 1982
300 ## - PHYSICAL DESCRIPTION
Extent 87p.
365 ## - TRADE PRICE
Price type code INR
Price amount 45.00
925 ## -
-- 45.00
942 ## - ADDED ENTRY ELEMENTS (KOHA)
Koha item type Textual
Classification part Y31:77.2, N82
Holdings
Withdrawn status Lost status Damaged status Not for loan Home library Current library Date acquired Source of acquisition Inventory number Total Checkouts Full call number Barcode Date last seen Price effective from Koha item type
        Department of Social Work Library Department of Social Work Library 2025-09-23 Gandhi Book Department 153/25.10.86   Y31:77.2, N82 SW0022886 2025-09-23 2025-09-23 Textual
Copyright @ Delhi University Library System